| 000 | 01004nam a22002537i 4500 | ||
|---|---|---|---|
| 999 |
_c22845 _d22845 |
||
| 003 | AR-CdUCM | ||
| 008 | 240424b20202020pe ||||| |||| 00| 0 spa d | ||
| 020 | _a978-612-004-952-5 | ||
| 040 |
_aMUNICIPALIDAD PROVINCIAL DEL CUSCO _cBIBLIOTECA MUNICIPAL DEL CUSCO |
||
| 082 |
_a001.42 / A18 _bA18 |
||
| 100 |
_aAceituno Huacani, Carlos _949619 |
||
| 245 | _aMitos y Realidades de la Investigación Científica / | ||
| 260 |
_aCusco : _c2020 |
||
| 300 |
_a96 páginas. : _c23.5 cm. |
||
| 500 | _zBibliografía: páginas 95-96 | ||
| 505 | _aMetodología de la Investigación -- Entendimiento -- Problemas y objetivos -- Tesis -- Artículos Científicos | ||
| 650 |
_aEstructura de los reportes de investigación _949620 |
||
| 650 |
_aSentido del entendimiento _949621 |
||
| 650 |
_aMatriz de coherencia interna _949622 |
||
| 650 |
_aAlcance, delimitación o limitación _949623 |
||
| 650 |
_aPlanteamiento de un problema de investigación _949624 |
||
| 942 |
_2ddc _cLIBROS |
||
| 945 |
_apbj _d2024-04-24 |
||